Report Open Access
Abdela Aman*; Abdeta Hussein; Sultain Ermias; Dr. Bezabeh Wondemu; Hassen Mohammed
<?xml version='1.0' encoding='UTF-8'?>
<record xmlns="http://www.loc.gov/MARC21/slim">
<leader>00000nam##2200000uu#4500</leader>
<datafield tag="653" ind1=" " ind2=" ">
<subfield code="a">ICT, Secondary School, Preparatory school, Computer, Internet</subfield>
</datafield>
<controlfield tag="005">20250828034749.0</controlfield>
<controlfield tag="001">16978</controlfield>
<datafield tag="700" ind1=" " ind2=" ">
<subfield code="u">madda walabu university</subfield>
<subfield code="a">Abdeta Hussein</subfield>
</datafield>
<datafield tag="700" ind1=" " ind2=" ">
<subfield code="u">madda walabu university</subfield>
<subfield code="a">Sultain Ermias</subfield>
</datafield>
<datafield tag="700" ind1=" " ind2=" ">
<subfield code="u">madda walabu university</subfield>
<subfield code="a">Dr. Bezabeh Wondemu</subfield>
</datafield>
<datafield tag="700" ind1=" " ind2=" ">
<subfield code="u">madda walabu university</subfield>
<subfield code="a">Hassen Mohammed</subfield>
</datafield>
<datafield tag="856" ind1="4" ind2=" ">
<subfield code="s">2619554</subfield>
<subfield code="z">md5:bfa58c6f522db179528aeda8b45d17e2</subfield>
<subfield code="u">https://zenodo.org/record/16978/files/The role of ICT.pdf</subfield>
</datafield>
<datafield tag="542" ind1=" " ind2=" ">
<subfield code="l">open</subfield>
</datafield>
<datafield tag="260" ind1=" " ind2=" ">
<subfield code="c">2025-08-22</subfield>
</datafield>
<datafield tag="909" ind1="C" ind2="O">
<subfield code="p">user-mwu123-un</subfield>
<subfield code="p">user-zenodo</subfield>
<subfield code="o">oai:zenodo.org:16978</subfield>
</datafield>
<datafield tag="100" ind1=" " ind2=" ">
<subfield code="u">madda walabu university</subfield>
<subfield code="a">Abdela Aman*</subfield>
</datafield>
<datafield tag="245" ind1=" " ind2=" ">
<subfield code="a">The Role of Information and Communication Technology(ICT) on the quality Education in case of secondary and preparatory school in Bale Zone, Oromia Region, Ethiopia</subfield>
</datafield>
<datafield tag="980" ind1=" " ind2=" ">
<subfield code="a">user-mwu123-un</subfield>
</datafield>
<datafield tag="980" ind1=" " ind2=" ">
<subfield code="a">user-zenodo</subfield>
</datafield>
<datafield tag="540" ind1=" " ind2=" ">
<subfield code="u">http://www.opendefinition.org/licenses/cc-by</subfield>
<subfield code="a">Creative Commons Attribution</subfield>
</datafield>
<datafield tag="650" ind1="1" ind2="7">
<subfield code="a">cc-by</subfield>
<subfield code="2">opendefinition.org</subfield>
</datafield>
<datafield tag="520" ind1=" " ind2=" ">
<subfield code="a"><p>Research done by the college of Computing&nbsp;</p>
<p>&nbsp;</p></subfield>
</datafield>
<datafield tag="773" ind1=" " ind2=" ">
<subfield code="n">doi</subfield>
<subfield code="i">isVersionOf</subfield>
<subfield code="a">10.20372/nadre:16977</subfield>
</datafield>
<datafield tag="024" ind1=" " ind2=" ">
<subfield code="a">10.20372/nadre:16978</subfield>
<subfield code="2">doi</subfield>
</datafield>
<datafield tag="980" ind1=" " ind2=" ">
<subfield code="a">publication</subfield>
<subfield code="b">report</subfield>
</datafield>
</record>
| All versions | This version | |
|---|---|---|
| Views | 0 | 0 |
| Downloads | 0 | 0 |
| Data volume | 0 Bytes | 0 Bytes |
| Unique views | 0 | 0 |
| Unique downloads | 0 | 0 |